000 00467nam a2200181Ia 4500
008 151202s9999||||xx |||||||||||||| ||und||
082 _bPNVM-48590
100 _aADURSH BOOK PUB.
245 _aSELECTED STORIES FROM PANCHANTRA.
260 _b---
260 _c0
300 _a234
600 _aADURSH BOOK PUB.
630 _aSELECTED STORIES FROM PANCHANTRA.
700 _aADURSH BOOK PUB.
730 _aSELECTED STORIES FROM PANCHANTRA.
942 _cBOOK
999 _c1314536
_d1314533